[Event "San Jose 1000 GM Spring Break 3 Gp1"]
[Site "San Jose"]
[Date "2024.04.07"]
[Round "5.2"]
[White "Arenas Vanegas, David"]
[Black "Liu, Patrick"]
[Result "1-0"]
[WhiteElo "2366"]
[BlackElo "2113"]
[PlyCount "143"]
[EventDate "2024.04.05"]
[EventType "schev"]
[EventRounds "5"]
[EventCountry "USA"]
[SourceTitle "CB16_2024"]
[SourceDate "2024.04.17"]
[SourceVersion "1"]
[SourceVersionDate "2024.04.17"]
[SourceQuality "1"]
[WhiteTeam "Masters"]
[BlackTeam "Challengers"]
[WhiteTeamCountry "USA"]
[BlackTeamCountry "USA"]

1. e4 c5 2. Nf3 e6 3. d4 cxd4 4. Nxd4 Nc6 5. Nb5 d6 6. c4 a6 7. N5c3 Nf6 8. Be2 Be7 9. 0-0 0-0 10. Be3 b6 11. Na3 Bb7 12. f3 Qc7 13. Rc1 Rac8 14. Qd2 Ba8 15. Rfd1 Qb8 16. Bf1 Rfd8 17. Qf2 Nd7 18. Kh1 h6 19. Rc2 Nc5 20. Rcd2 Bf6 21. Nab1 Be5 22. a3 a5 23. Nb5 Rd7 24. N1c3 Rcd8 25. f4 Bf6 26. Be2 Na7 27. Bxc5 bxc5 28. e5 Nxb5 29. Nxb5 Be7 30. exd6 Bxd6 31. Bf3 Bxf3 32. Qxf3 Qb6 33. Rd3 g6 34. Qf2 Kf8 35. Qh4 Kg7 36. Qe1 Kf8 37. Qh4 Kg7 38. Qh3 h5 39. Qf3 Kf8 40. h3 Ke8 41. f5 exf5 42. Qd5 Bf4 43. Qxd7+ Rxd7 44. Rxd7 Qe6 45. Rd8+ Ke7 46. Nc3 Bc7 47. Ra8 Qe5 48. Nd5+ Kd7 49. Nxc7+ Kxc7 50. Rxa5 Qe3 51. Ra7+ Kc6 52. Rxf7 Qe2 53. Rfd7 Qxc4 54. R1d6+ Kb5 55. Rb7+ Ka5 56. Ra7+ Kb5 57. a4+ Qxa4 58. Rxa4 Kxa4 59. Rxg6 Kb3 60. Rg5 Kxb2 61. Rxf5 c4 62. Rxh5 c3 63. Rb5+ Kc1 64. h4 c2 65. h5 Kd1 66. Rd5+ Ke2 67. Rc5 Kd2 68. h6 c1N 69. h7 Nd3 70. Rd5 Ke2 71. Rxd3 Kxd3 72. h8Q 1-0

[Event "Santa Clara Presidents Day IM"]
[Site "Santa Clara"]
[Date "2024.02.16"]
[Round "2"]
[White "Yan, Nathan"]
[Black "Liu, Patrick"]
[Result "1/2-1/2"]
[WhiteElo "2311"]
[BlackElo "2130"]
[PlyCount "82"]
[EventDate "2024.02.13"]
[EventType "tourn"]
[EventRounds "9"]
[EventCountry "USA"]
[SourceTitle "CB08_2024"]
[SourceDate "2024.02.21"]
[SourceVersion "1"]
[SourceVersionDate "2024.02.21"]
[SourceQuality "1"]

1. e4 c5 2. Nf3 e6 3. d4 cxd4 4. Nxd4 Nc6 5. Nc3 Qc7 6. Be3 a6 7. Qd2 Nf6 8. 0-0-0 Be7 9. g4 Nxg4 10. Bf4 Nge5 11. Nxc6 bxc6 12. Rg1 0-0 13. Qe3 f6 14. Qg3 Rf7 15. Be2 Bf8 16. Bh5 Re7 17. Be3 Qa5 18. Be2 d5 19. f4 Nf7 20. Bf2 Nd6 21. Qh4 f5 22. exd5 cxd5 23. Bd4 Bb7 24. Qxe7 Bxe7 25. Rxg7+ Kf8 26. Bh5 Qd8 27. Rdg1 Bf6 28. Bxf6 Qxf6 29. Rg8+ Ke7 30. R1g7+ Nf7 31. Rxf7+ Qxf7 32. Bxf7 Kxf7 33. Rxa8 Bxa8 34. Kd2 Kf6 35. Ke3 e5 36. fxe5+ Kxe5 37. Ne2 f4+ 38. Kf2 d4 39. Nc1 a5 40. Nd3+ Kf5 41. b3 Bc6 1/2-1/2

[Event "Sunnyvale 1000 GM Thanksgiving IM1"]
[Site "Sunnyvale"]
[Date "2023.11.26"]
[Round "8"]
[White "Liu, Patrick"]
[Black "Gongora Montes, Benjamin"]
[Result "0-1"]
[WhiteElo "2244"]
[BlackElo "2201"]
[PlyCount "84"]
[EventDate "2023.11.22"]
[EventType "schev"]
[EventRounds "9"]
[EventCountry "USA"]
[SourceTitle "CB48_2023"]
[SourceDate "2023.11.29"]
[SourceVersion "1"]
[SourceVersionDate "2023.11.29"]
[SourceQuality "1"]

1. d4 Nf6 2. c4 g6 3. Nc3 d5 4. cxd5 Nxd5 5. e4 Nxc3 6. bxc3 Bg7 7. Nf3 0-0 8. Rb1 b6 9. Bc4 Ba6 10. Bxa6 Nxa6 11. Qe2 Nb8 12. 0-0 c5 13. Rd1 Qc7 14. d5 Nd7 15. c4 Rae8 16. g3 e6 17. Qd3 exd5 18. exd5 Qd6 19. Bg5 Bf6 20. Bh6 Bg7 21. Bg5 Bf6 22. Bd2 Re7 23. Re1 Rfe8 24. Kg2 Rxe1 25. Rxe1 Rxe1 26. Bxe1 Kg7 27. Qa3 b5 28. cxb5 Qxd5 29. Qxa7 g5 30. g4 h5 31. h3 hxg4 32. hxg4 Ne5 33. Qa3 Qe4 34. Qxc5 Nxf3 35. Bb4 Nd2+ 36. f3 Qxf3+ 37. Kh2 Nf1+ 38. Kg1 Ne3 39. Qf8+ Kg6 40. Qg8+ Bg7 41. Qxg7+ Kxg7 42. Bc3+ Kg6 0-1

[Event "Sunnyvale 1000 GM Thanksgiving IM1"]
[Site "Sunnyvale"]
[Date "2023.11.23"]
[Round "2"]
[White "Liu, Patrick"]
[Black "Diaz Villagran, Robert"]
[Result "0-1"]
[WhiteElo "2244"]
[BlackElo "2234"]
[PlyCount "108"]
[EventDate "2023.11.22"]
[EventType "schev"]
[EventRounds "9"]
[EventCountry "USA"]
[SourceTitle "CB48_2023"]
[SourceDate "2023.11.29"]
[SourceVersion "1"]
[SourceVersionDate "2023.11.29"]
[SourceQuality "1"]

1. d4 Nf6 2. Nc3 d5 3. Bf4 e6 4. Nb5 Na6 5. e3 c6 6. Nc3 Nc7 7. Bd3 Bd6 8. Bxd6 Qxd6 9. Nf3 c5 10. dxc5 Qxc5 11. 0-0 b6 12. e4 Bb7 13. exd5 Ncxd5 14. Bb5+ Ke7 15. Nxd5+ Nxd5 16. Bd3 Nf4 17. Ne1 h5 18. Kh1 Rad8 19. Qd2 g5 20. f3 h4 21. a4 Qd4 22. Ra2 a5 23. Qf2 Qxf2 24. Rxf2 Rd4 25. Ra1 h3 26. g3 Nxd3 27. cxd3 Rc8 28. Kg1 Rc5 29. Rd2 Bc6 30. Kf2 f5 31. Rb1 Bxa4 32. b3 Bb5 33. Ke3 e5 34. Rbb2 f4+ 35. gxf4 gxf4+ 36. Ke2 Rc3 37. Rb1 Kd6 38. Rbb2 Rb4 39. Kf2 Rbxb3 40. d4 a4 41. Ra2 a3 42. dxe5+ Kxe5 43. Kg1 Rb1 44. Kf2 Bc4 45. Rac2 Rxc2 46. Rxc2 Rb2 47. Kg1 a2 48. Rxc4 a1Q 49. Re4+ Kf5 50. Kf1 Rxh2 51. Kg1 Qa2 52. Re5+ Kxe5 53. Nd3+ Kf5 54. Nxf4 Qf2# 0-1

[Event "Sunnyvale 1000 Schev 2 11"]
[Site "Sunnyvale"]
[Date "2023.11.11"]
[Round "2.1"]
[White "Zuluaga Mancilla, Cesar"]
[Black "Liu, Patrick"]
[Result "1-0"]
[WhiteElo "2237"]
[BlackElo "2244"]
[PlyCount "73"]
[EventDate "2023.11.10"]
[EventType "schev"]
[EventRounds "6"]
[EventCountry "USA"]
[SourceTitle "CB47_2023"]
[SourceDate "2023.11.22"]
[SourceVersion "1"]
[SourceVersionDate "2023.11.22"]
[SourceQuality "1"]

1. d4 Nf6 2. Nf3 d5 3. Bf4 c5 4. c3 e6 5. e3 Nc6 6. Nbd2 Be7 7. Bd3 Nh5 8. Bg3 Nxg3 9. hxg3 h6 10. Rc1 Qc7 11. a3 0-0 12. b4 e5 13. dxe5 Nxe5 14. Nxe5 Qxe5 15. Nf3 Qc7 16. Bb1 Rd8 17. Qd3 g6 18. Rxh6 Bf6 19. Qd2 Bg4 20. Rh1 Qc6 21. bxc5 Qxc5 22. Nd4 Qxa3 23. f3 Bd7 24. Bd3 Qc5 25. Kf2 Bc6 26. g4 a5 27. f4 Kg7 28. g5 Bxd4 29. exd4 Qd6 30. g4 Rh8 31. Kf3 f6 32. f5 fxg5 33. Qxg5 Qf6 34. Qf4 g5 35. Qc7+ Qf7 36. f6+ Kxf6 37. Qe5# 1-0

[Event "Sunnyvale Silicon Valley Fall op"]
[Site "Sunnyvale"]
[Date "2023.09.04"]
[Round "8"]
[White "Liu, Patrick"]
[Black "Rajaram, Rohan"]
[Result "0-1"]
[WhiteElo "2175"]
[BlackElo "2179"]
[PlyCount "150"]
[EventDate "2023.08.31"]
[EventType "swiss"]
[EventRounds "9"]
[EventCountry "USA"]
[SourceTitle "EXT 2024"]
[Source "ChessBase"]
[SourceDate "2023.10.10"]
[SourceVersion "1"]
[SourceVersionDate "2023.10.10"]
[SourceQuality "1"]

1. d4 d5 2. Nf3 Nf6 3. c4 c6 4. Qc2 g6 5. Bf4 Bg7 6. e3 0-0 7. Nc3 Na6 8. Qb3 dxc4 9. Bxc4 b5 10. Be2 Be6 11. Qd1 Nc7 12. Ne5 Bd7 13. 0-0 Ncd5 14. Nxd5 Nxd5 15. Bg3 Bxe5 16. Bxe5 Nb6 17. Rc1 Rc8 18. Qd2 Be6 19. b3 Qd7 20. e4 Rfd8 21. Rfd1 Qb7 22. Qh6 f6 23. Bg3 Qd7 24. Qd2 Bf7 25. f4 f5 26. Qe3 fxe4 27. Qxe4 Nd5 28. Qe5 Nf6 29. Bh4 Nd5 30. Bf3 Re8 31. Re1 Nb4 32. Be4 Qd6 33. a3 Nd5 34. b4 Nxf4 35. Qxd6 exd6 36. Rxc6 Rxc6 37. Bxc6 Rxe1+ 38. Bxe1 Ne2+ 39. Kf1 Nxd4 40. Bd7 Bc4+ 41. Kf2 Nc2 42. a4 Nxe1 43. Kxe1 bxa4 44. Bxa4 Kf7 45. Kd2 Ke6 46. Kc3 Bf1 47. g3 Ke5 48. h4 h6 49. b5 d5 50. Kb4 Kd6 51. Bc2 g5 52. hxg5 hxg5 53. Bg6 d4 54. Bf5 d3 55. Kc3 Kc5 56. Bd7 d2 57. Kxd2 Bxb5 58. Bf5 Kd4 59. Kc2 Kc4 60. Be6+ Kb4 61. Kd2 a5 62. Ke3 a4 63. Kd4 a3 64. g4 Be2 65. Ke5 Bc4 66. Bf5 a2 67. Kf6 a1Q+ 68. Kxg5 Qe5 69. Kg6 Be6 70. Bxe6 Qxe6+ 71. Kh5 Kc5 72. g5 Kd6 73. g6 Ke7 74. g7 Kf6 75. g8Q Qh3# 0-1

[Event "Las Vegas National op"]
[Site "Las Vegas"]
[Date "2023.06.17"]
[Round "6"]
[White "Liu, Patrick"]
[Black "Shlyakhtenko, Robert"]
[Result "1/2-1/2"]
[WhiteElo "2191"]
[BlackElo "2427"]
[PlyCount "60"]
[EventDate "2023.06.14"]
[EventType "swiss"]
[EventRounds "9"]
[EventCountry "USA"]
[SourceTitle "CBM 214 Extra"]
[Source "ChessBase"]
[SourceDate "2023.07.31"]
[SourceVersion "1"]
[SourceVersionDate "2023.07.31"]
[SourceQuality "1"]

1. d4 Nf6 2. c4 c5 3. d5 b5 4. cxb5 a6 5. bxa6 e6 6. Nc3 exd5 7. Nxd5 Be7 8. Nxe7 Qxe7 9. e3 0-0 10. Nf3 d5 11. Be2 Bxa6 12. 0-0 Nc6 13. b3 Qe6 14. Bxa6 Rxa6 15. Bb2 Ne4 16. Nd2 Nb4 17. Nxe4 Qxe4 18. Qd2 Re8 19. Rfd1 Rg6 20. g3 Rh6 21. a3 Rxh2 22. Kxh2 Re6 23. Kg1 Rh6 24. f3 Qxf3 25. Qg2 Qxe3+ 26. Kf1 Rh5 27. g4 Qf4+ 28. Kg1 Qe3+ 29. Kf1 Qf4+ 30. Kg1 Qe3+ 1/2-1/2

[Event "Las Vegas 1000 GM op"]
[Site "Las Vegas"]
[Date "2023.06.12"]
[Round "8"]
[White "Liu, Patrick"]
[Black "Wang, Eigen"]
[Result "0-1"]
[WhiteElo "2191"]
[BlackElo "2293"]
[PlyCount "60"]
[EventDate "2023.06.08"]
[EventType "swiss"]
[EventRounds "9"]
[EventCountry "USA"]
[SourceTitle "CBM 214 Extra"]
[Source "ChessBase"]
[SourceDate "2023.07.31"]
[SourceVersion "1"]
[SourceVersionDate "2023.07.31"]
[SourceQuality "1"]

1. d4 Nf6 2. c4 c5 3. d5 b5 4. cxb5 a6 5. bxa6 g6 6. Nc3 Bg7 7. e4 0-0 8. Nf3 Qa5 9. Bd2 Bxa6 10. Bxa6 Qxa6 11. Qe2 e6 12. Qxa6 Nxa6 13. 0-0 Nb4 14. Be3 Nd3 15. dxe6 fxe6 16. e5 Ng4 17. Rfd1 c4 18. Bd4 Nxb2 19. Re1 Nd3 20. Re4 Nh6 21. Nb5 Nf5 22. Bc3 Ra4 23. g4 Ne7 24. Kg2 Nd5 25. Bd2 Nc5 26. Ree1 c3 27. Nxc3 Rxg4+ 28. Kh3 h5 29. Ng1 Nd3 30. Ne4 N5f4+ 0-1

[Event "Las Vegas 1000 GM op"]
[Site "Las Vegas"]
[Date "2023.06.11"]
[Round "7"]
[White "Aliyev, Timur"]
[Black "Liu, Patrick"]
[Result "1-0"]
[WhiteElo "2257"]
[BlackElo "2191"]
[PlyCount "189"]
[EventDate "2023.06.08"]
[EventType "swiss"]
[EventRounds "9"]
[EventCountry "USA"]
[SourceTitle "CBM 214 Extra"]
[Source "ChessBase"]
[SourceDate "2023.07.31"]
[SourceVersion "1"]
[SourceVersionDate "2023.07.31"]
[SourceQuality "1"]

1. e4 c5 2. Nf3 g6 3. d4 cxd4 4. Qxd4 Nf6 5. Nc3 Nc6 6. Qa4 d6 7. e5 dxe5 8. Nxe5 Bd7 9. Nxd7 Qxd7 10. Be3 Bg7 11. Rd1 Qg4 12. Rd4 Qf5 13. Rd2 0-0 14. h3 e5 15. g4 Qe6 16. Bc4 Qe7 17. g5 Nd7 18. Nd5 Qd8 19. c3 e4 20. Bb5 Re8 21. Qd1 Qa5 22. a4 Nde5 23. b4 Qd8 24. Nf6+ Bxf6 25. Rxd8 Raxd8 26. Qc1 a6 27. Be2 Nd3+ 28. Bxd3 exd3 29. gxf6 d2+ 30. Qxd2 Rxd2 31. Kxd2 Re6 32. b5 Ne5 33. Ke2 Nd7 34. Rd1 Nxf6 35. Kf3 Kg7 36. Rd8 axb5 37. axb5 Ne4 38. Bd4+ Kh6 39. Kg2 Nd6 40. Bc5 Ne4 41. Bf8+ Kg5 42. c4 Kf6 43. Rd7 Re8 44. Bb4 Rc8 45. Rxb7 Rxc4 46. Be7+ Ke6 47. Bd8 Nd6 48. Re7+ Kd5 49. b6 Kc6 50. Rc7+ Kd5 51. b7 Nxb7 52. Rxb7 Rc8 53. Bh4 Rf8 54. Re7 Kd6 55. Ra7 Ke6 56. Ra6+ Ke5 57. Bf6+ Kd5 58. Kf3 Rc8 59. Kg4 h5+ 60. Kg5 Rc2 61. Ra5+ Kd6 62. Bd4 Rc1 63. Ra1 Rc4 64. Be3 Ke6 65. Re1 Ra4 66. Bd2+ Kd7 67. Kf6 Rh4 68. Rh1 Ke8 69. Bg5 Re4 70. Rd1 Rc4 71. Kg7 Rc8 72. h4 Ra8 73. f4 Rb8 74. Re1+ Kd7 75. Kxf7 Rb6 76. Re7+ Kc8 77. Re6 Rxe6 78. Kxe6 Kc7 79. Kf6 Kd6 80. Kxg6 Ke6 81. f5+ Ke5 82. f6 Ke6 83. f7 Ke5 84. f8Q Kd5 85. Kxh5 Ke5 86. Kg6 Kd5 87. h5 Kd4 88. h6 Ke5 89. Qe7+ Kd5 90. h7 Kd4 91. h8Q+ Kd5 92. Qhd8+ Kc4 93. Qec7+ Kb5 94. Qdb8+ Ka6 95. Qcb6# 1-0

[Event "Los Angeles 1000GM Spring op"]
[Site "Los Angeles"]
[Date "2023.03.21"]
[Round "9"]
[White "Atwell, Rose"]
[Black "Liu, Patrick"]
[Result "1-0"]
[WhiteElo "2024"]
[BlackElo "2052"]
[PlyCount "123"]
[EventDate "2023.03.17"]
[EventType "swiss"]
[EventRounds "9"]
[EventCountry "USA"]
[SourceTitle "CBM 213 Extra"]
[Source "ChessBase"]
[SourceDate "2023.05.31"]
[SourceVersion "1"]
[SourceVersionDate "2023.05.31"]
[SourceQuality "1"]

1. e4 c5 2. Nf3 g6 3. c3 Bg7 4. d4 cxd4 5. cxd4 d5 6. e5 a6 7. h3 Nc6 8. Nc3 f6 9. exf6 Nxf6 10. Bd3 0-0 11. 0-0 Nh5 12. Be3 Nf4 13. Bc2 e6 14. Re1 Qf6 15. Nh2 b5 16. Qd2 Bd7 17. Rad1 Rad8 18. Ng4 Qf7 19. Ne2 Nxe2+ 20. Rxe2 Kh8 21. h4 Ne7 22. Nh6 Qe8 23. Ng4 Nf5 24. Bxf5 Rxf5 25. Bg5 Rc8 26. Ne3 Rf7 27. Nxd5 Qf8 28. Nb6 Rc6 29. Nxd7 Rxd7 30. Re4 Rcd6 31. Rde1 Rxd4 32. Qe2 Rxe4 33. Qxe4 Rd6 34. b3 h6 35. Be3 Qf7 36. Rc1 Kh7 37. h5 Qf5 38. hxg6+ Qxg6 39. Qb7 Qh5 40. Qe4+ Qf5 41. Qh4 Qf6 42. Qg3 Rd7 43. Qg4 Qf5 44. Qxf5+ exf5 45. Rc6 a5 46. Rc5 Rd1+ 47. Kh2 Ra1 48. Rxf5 a4 49. bxa4 bxa4 50. Rf7 Rd1 51. Ra7 Kg6 52. Rxa4 Be5+ 53. g3 h5 54. Ra5 Bf6 55. Kg2 Rd3 56. a4 h4 57. g4 Rb3 58. Ra6 Kf7 59. g5 h3+ 60. Kh2 Be5+ 61. Kxh3 Bf4 62. Rf6+ 1-0

[Event "Los Angeles 1000GM Spring op"]
[Site "Los Angeles"]
[Date "2023.03.21"]
[Round "8"]
[White "Meduri, Aakaash"]
[Black "Liu, Patrick"]
[Result "0-1"]
[WhiteElo "2094"]
[BlackElo "2052"]
[PlyCount "122"]
[EventDate "2023.03.17"]
[EventType "swiss"]
[EventRounds "9"]
[EventCountry "USA"]
[SourceTitle "CBM 213 Extra"]
[Source "ChessBase"]
[SourceDate "2023.05.31"]
[SourceVersion "1"]
[SourceVersionDate "2023.05.31"]
[SourceQuality "1"]

1. d4 Nf6 2. c4 c6 3. Nc3 d5 4. cxd5 cxd5 5. Bf4 Nc6 6. e3 Bf5 7. Qb3 Na5 8. Bb5+ Bd7 9. Qa4 Nc6 10. Rc1 e6 11. Nf3 Be7 12. Ne5 Qb6 13. Nxd7 Nxd7 14. Qc2 0-0 15. 0-0 Rac8 16. Qb1 a6 17. Bd3 h6 18. a3 Qd8 19. Rfd1 Nb6 20. Qa2 Bd6 21. Bxd6 Qxd6 22. b4 Na7 23. Qb3 Rc7 24. e4 dxe4 25. Nxe4 Qe7 26. Rxc7 Qxc7 27. Nc5 Nd5 28. Be4 Rd8 29. g3 Nb5 30. Bf3 b6 31. Na4 Ndc3 32. Nxc3 Qxc3 33. Qxc3 Nxc3 34. Rd3 Nb5 35. Bb7 Rxd4 36. Rxd4 Nxd4 37. Bxa6 Nc2 38. Bd3 Nxa3 39. Kf1 Kf8 40. Ke2 Ke7 41. Kd2 Kd6 42. Kc3 Kc6 43. Be4+ Kd6 44. Bd3 Kd5 45. Ba6 Kc6 46. Bd3 Nb5+ 47. Kb3 Nd6 48. Kc3 Kd5 49. f4 e5 50. fxe5 Kxe5 51. Bc2 f5 52. Kd3 g5 53. Ke3 Ne8 54. Kd3 Nc7 55. Kc4 f4 56. Bd3 f3 57. Bc2 Nd5 58. Bd3 f2 59. Kb5 Kd4 60. Bf1 Kc3 61. Kc6 Ne3 0-1

[Event "North American op 32nd"]
[Site "Las Vegas"]
[Date "2022.12.30"]
[Round "9"]
[White "Gardezi, Arsal"]
[Black "Liu, Patrick"]
[Result "1-0"]
[WhiteElo "2029"]
[BlackElo "1932"]
[PlyCount "89"]
[EventDate "2022.12.26"]
[EventType "swiss"]
[EventRounds "9"]
[EventCountry "USA"]
[SourceTitle "CBM 211 Extra"]
[Source "ChessBase"]
[SourceDate "2023.01.31"]
[SourceVersion "1"]
[SourceVersionDate "2023.01.31"]
[SourceQuality "1"]

1. e4 c5 2. Nf3 g6 3. d4 cxd4 4. Nxd4 Nc6 5. c4 Nf6 6. Nc3 d6 7. Be2 Bg7 8. Be3 0-0 9. 0-0 Bd7 10. f3 Nxd4 11. Bxd4 a5 12. Qd2 Bc6 13. b3 Nd7 14. Be3 Nc5 15. Rab1 Be5 16. Rfc1 e6 17. Bf1 Qe7 18. Rc2 f5 19. exf5 Rxf5 20. Qe1 Raf8 21. a3 a4 22. b4 Nb3 23. Rd1 Qg7 24. b5 Bd7 25. Ne4 Qe7 26. c5 d5 27. Ng3 Bxg3 28. Qxg3 Rc8 29. Bd3 Rf7 30. Bf4 e5 31. Bxe5 Rxc5 32. Re2 Rc1 33. Rde1 Rxe1+ 34. Rxe1 Qc5+ 35. Kh1 Bxb5 36. Bxg6 Qf8 37. Bxf7+ Kxf7 38. Qf4+ Kg8 39. Qg5+ Kf7 40. Qf6+ Kg8 41. Qh8+ Kf7 42. Qxh7+ Ke6 43. Bg3+ Be2 44. Rxe2+ Kf6 45. Bh4# 1-0

[Event "Wch U10"]
[Site "Batumi"]
[Date "2022.09.27"]
[Round "11"]
[White "Lacan Rus, David"]
[Black "Liu, Patrick"]
[Result "1-0"]
[WhiteElo "1886"]
[BlackElo "1961"]
[PlyCount "95"]
[EventDate "2022.09.16"]
[EventType "swiss"]
[EventRounds "11"]
[EventCountry "GEO"]
[SourceTitle "EXT 2023"]
[Source "ChessBase"]
[SourceDate "2022.10.05"]
[SourceVersion "1"]
[SourceVersionDate "2022.10.05"]
[SourceQuality "1"]

1. e4 c5 2. Be2 Nc6 3. f4 e6 4. Nf3 Nge7 5. 0-0 g6 6. c3 Bg7 7. d3 d5 8. Na3 f5 9. e5 a6 10. Nc2 Ng8 11. Be3 Bf8 12. d4 c4 13. b3 b5 14. bxc4 bxc4 15. h3 Nh6 16. Bd2 Be7 17. Ne3 Nf7 18. g4 Kd7 19. Nh2 Kc7 20. Qa4 Bd7 21. Rab1 a5 22. Qc2 Rb8 23. Bf3 Rxb1 24. Rxb1 Qa8 25. Bxd5 exd5 26. Nxd5+ Kd8 27. Nb6 Qa7 28. Be3 g5 29. Nxd7 gxf4 30. Qxf5 fxe3 31. Nb6 Ke8 32. Nxc4 Ng5 33. Nd6+ Bxd6 34. Qxg5 Be7 35. Qxe3 Rf8 36. Qe4 Qa6 37. Nf3 Qc4 38. Rc1 a4 39. Nd2 Qa6 40. Rb1 Kd8 41. d5 Na7 42. d6 Bg5 43. Nf3 Bh6 44. Qxh7 Be3+ 45. Kh1 Nc6 46. Qc7+ Ke8 47. Rb8+ Nxb8 48. Qe7# 1-0

[Event "PNWCC Super G60 Apr Gp2"]
[Site "Chess.com INT"]
[Date "2021.04.24"]
[Round "3"]
[White "Jiang, Andrew"]
[Black "Liu, Patrick"]
[Result "1-0"]
[WhiteElo "1705"]
[BlackElo "1386"]
[PlyCount "133"]
[EventDate "2021.04.24"]
[EventType "swiss"]
[EventRounds "6"]
[EventCountry "USA"]
[SourceTitle "CBM 202 Extra"]
[Source "ChessBase"]
[SourceDate "2021.07.31"]
[SourceVersion "1"]
[SourceVersionDate "2021.07.31"]
[SourceQuality "1"]

1. e4 e6 2. d4 d5 3. e5 c5 4. c3 Nc6 5. Nf3 Qb6 6. a3 Bd7 7. b4 cxd4 8. cxd4 Rc8 9. Bb2 Nge7 10. Bd3 Ng6 11. 0-0 Be7 12. Nbd2 Nf4 13. Bb1 Qa6 14. Qb3 b5 15. g3 Ng6 16. h4 Nf8 17. Bd3 Qb7 18. Bc3 Nb8 19. Rac1 Bc6 20. Rfe1 Nfd7 21. Qb1 h6 22. Nb3 a6 23. Bd2 Nb6 24. Na5 Qa8 25. Nh2 Kd7 26. Ng4 h5 27. Ne3 g5 28. hxg5 Bxg5 29. Nxd5 Bxd5 30. Bxg5 Rcg8 31. Bf6 Rh6 32. Qc2 Nc6 33. Nxc6 Qxc6 34. Qd2 Nc4 35. Qxh6 Bh1 36. Bf1 Qf3 37. Qh7 Rf8 38. Qg7 Ke8 39. Rxc4 bxc4 40. Re3 Qc6 41. Bg5 c3 42. Bh6 c2 43. Qxf8+ Kd7 44. Qxf7+ Kc8 45. Re1 Qc3 46. Qxe6+ Kc7 47. Qd6+ Kb7 48. Bxa6+ Ka8 49. Qf8+ Ka7 50. Qc5+ Qxc5 51. dxc5 Kxa6 52. Rc1 Be4 53. e6 Kb5 54. e7 Bg6 55. Rxc2 Ka4 56. Re2 Kxa3 57. e8Q Bxe8 58. Rxe8 Kxb4 59. c6 Kc5 60. c7 Kd6 61. c8Q Kd5 62. Qf5+ Kd4 63. Re4+ Kd3 64. Qf3+ Kc2 65. Re2+ Kb1 66. Qb3+ Ka1 67. Qb2# 1-0

[Event "PNWCC Super G60 Mar Gp2"]
[Site "Chess.com INT"]
[Date "2021.03.28"]
[Round "4"]
[White "Liu, Patrick"]
[Black "Baskin, Robert"]
[Result "0-1"]
[WhiteElo "1386"]
[BlackElo "2390"]
[PlyCount "68"]
[EventDate "2021.03.27"]
[EventType "swiss (rapid)"]
[EventRounds "6"]
[EventCountry "USA"]
[SourceTitle "CBM 201 Extra"]
[Source "ChessBase"]
[SourceDate "2021.05.31"]
[SourceVersion "1"]
[SourceVersionDate "2021.05.31"]
[SourceQuality "1"]

1. e4 c5 2. Nf3 Nc6 3. d4 cxd4 4. Nxd4 e5 5. Nb5 d6 6. N1c3 a6 7. Na3 Be6 8. Nc4 b5 9. Ne3 Nf6 10. a3 Be7 11. Be2 Rc8 12. b3 Nd4 13. Bb2 0-0 14. 0-0 Rxc3 15. Bxc3 Nxe2+ 16. Qxe2 Nxe4 17. Bb2 f5 18. f3 Nf6 19. a4 f4 20. Nd1 Qe8 21. Nf2 Nd5 22. axb5 axb5 23. Bd4 Qg6 24. Ba7 b4 25. Ne4 Rf5 26. Kf2 Bh4+ 27. Kg1 Rh5 28. Nxd6 Bg3 29. hxg3 fxg3 30. Rfc1 Qh6 31. Kf1 Rh1+ 32. Bg1 Rxg1+ 33. Kxg1 Qh2+ 34. Kf1 Qh1# 0-1

[Event "PNWCC Super G60 Feb Gp2"]
[Site "Chess.com INT"]
[Date "2021.02.28"]
[Round "6"]
[White "Vega, Isaac"]
[Black "Liu, Patrick"]
[Result "1-0"]
[WhiteElo "1735"]
[BlackElo "1386"]
[PlyCount "87"]
[EventDate "2021.02.27"]
[EventType "swiss"]
[EventRounds "6"]
[EventCountry "USA"]
[SourceTitle "CBM 200 Extra"]
[Source "ChessBase"]
[SourceDate "2021.03.31"]
[SourceVersion "1"]
[SourceVersionDate "2021.03.31"]
[SourceQuality "1"]

1. e4 c5 2. Nc3 Nc6 3. f4 g6 4. Nf3 Bg7 5. Bb5 e6 6. Bxc6 bxc6 7. e5 d5 8. d3 Ne7 9. 0-0 0-0 10. b3 Bd7 11. Na4 c4 12. dxc4 dxc4 13. Ba3 Re8 14. Qe2 cxb3 15. axb3 Nd5 16. g3 Nb6 17. Nc5 Qc7 18. Ne4 Nd5 19. Bd6 Qb6+ 20. Bc5 Qc7 21. Nd6 Bf8 22. Ng5 Bxd6 23. Bxd6 Qb6+ 24. Rf2 h6 25. Ne4 Kg7 26. Bc5 Qc7 27. Nd6 Rh8 28. g4 Ne7 29. Ne4 h5 30. Bxe7 Kg8 31. Nf6+ Kg7 32. gxh5 c5 33. Nxd7 Qxd7 34. Bf6+ Kg8 35. Bxh8 Kxh8 36. hxg6 fxg6 37. Rd1 Qb7 38. Qg4 Qf7 39. Rfd2 Qf5 40. Qh4+ Qh5 41. Rd8+ Rxd8 42. Qxd8+ Kg7 43. Rd7+ Kh6 44. Qh8# 1-0